=LDR 00000nam 2200000 4500 =001 INLIS000000000023588 =005 20130612122235 =008 ***********************************Ind** =035 ##$$0010-061300000023588 =041 ##$$a Ind =082 ##$$a 923 =090 ##$$a 923, Pid p =245 ##$$a Pidato pengukuhan guru besar uneverstas gajah mada, Ilmu-ilmu mipa =260 ##$$a 2000 $b Yogyakart =300 ##$$a 1134 hlm, 21 cm =650 ##$$a Pidato guru besar =850 ##$$a NBPNMAT